Mystery Taylor Swift Song #140 - Statistics

General Stats
  • This quiz has been taken 230 times
  • The average score is 94 of 144
Answer Stats
Song % Correct
I
99%
a
97%
You
97%
the
96%
we
94%
(in
92%
in
92%
it)
92%
it
92%
1989
91%
and
91%
go
91%
me?
91%
me
91%
love
88%
your
88%
for
86%
to
86%
all
84%
(got
84%
got
84%
(last
84%
last
84%
of
84%
my
83%
they
82%
was
82%
were
82%
Wonderland
82%
Wonderland)
82%
lost
81%
but
80%
on
80%
So
80%
Too
80%
us
80%
don't
79%
what
79%
could
78%
found
78%
(never
78%
never
78%
Ooh
78%
at
77%
oh
77%
forever)
76%
forever
76%
It's
76%
as
73%
tell
73%
Didn't
71%
new
71%
like
70%
with
70%
'Cause
69%
eye
69%
had
68%
out
68%
better)
67%
better
67%
down
67%
eyes
67%
flash
67%
there
67%
knew
66%
life
66%
our
66%
went
66%
green
65%
one
65%
seem
64%
think
64%
worse
64%
pretended
63%
things?
63%
into
62%
mind
62%
night
62%
gone
61%
rush
61%
Fell
60%
felt
60%
mad
60%
Took
60%
back
59%
hole
59%
around
58%
exciting?
58%
rabbit
58%
smile?
58%
their
58%
turn
58%
arms
56%
way
56%
end
54%
open
54%
or
54%
eh
53%
wrong
53%
held
52%
straight
52%
Cat
51%
feel
51%
make
51%
should've
51%
both
50%
home
50%
seems
50%
slept
50%
something
50%
twisting
50%
control
48%
curious
48%
lights
48%
minds?
48%
talking
48%
tight
48%
'til
48%
turned
48%
seemed
47%
alone
46%
nothing's
46%
screams
46%
search
46%
somebody
46%
Flashing
45%
Haven't
45%
fun
44%
heard
44%
loses
44%
spinning
44%
strangers
44%
else
43%
games
43%
becomes
42%
whispers
42%
world
42%
calm
41%
Cheshire
41%
fears
41%
reached
41%
watching
41%
darling
39%
No matching quizzes found
Score Distribution
Percent of People with Each Score
Percentile by Number Answered
Your Score History
You have not taken this quiz